000 00568nam a2200181Ia 4500
003 GCL
008 140319s9999 xx 000 0 ara d
040 _aGCL /
_cGCL
082 0 4 _aط
_b371.3078
_bم ا
100 1 _aمصطفى مراد
245 1 0 _aالف باء من الالف الى الياء /
_cمصطفى مراد
490 _aالهيئة العامة للاستعلامات
_v0
650 0 4 _aتعليم الاطفال
650 0 4 _aادب الاطفال
650 0 4 _aالكتب والقراءة
650 0 4 _aالتعليم - مصر
942 _2ddc
_cBK
999 _c50953
_d50953